00971nam a22002537a 450000500170000001000150001702000260003203500140005803700130007208200180008510000280010324500480013125000100017926000430018927001340023230000320036670000330039870000460043170000300047770000330050794200250054099900190056595201330058420231211152650.0 aENG-138581 c920.00a9789393199164 aEN-122113 bDBAD/PUB a230.12First  aKrishna, B. Hari959745 aEmbedded System Design/cBy B. Hari Krishna aFirst aHyderabadbAmaravathi Publishersc2023 bHyderabada#7-1-277/242,3rd Floor, Near B K Guda Park, S R Nagare500038k+914023710657k238000657mstudentshelpline.in@gmail.com axvi,240p.c24cm(pbk)bindex aSri, G. UdayaeAuthor959746 aRao, K. Nagavenkateshwara eAuthor959747 aBasava, D.eAuthor959748 aPoshamallu, GeAuthor959749 2ddccENh004.21mKRI c199597d199597 001040708NFICaVPbVPd2023-12-11eDBAD/PUBg920.00l0o004.21 KRIpEN-122113r2023-12-11 00:00:00t1v920.00w2023-12-11yEN